| 000 | 00407nam a22001457a 4500 | ||
|---|---|---|---|
| 008 | 250709b |||||||| |||| 00| 0 eng d | ||
| 020 | _a9781394186242 | ||
| 050 |
_aGE42 _b.C43 |
||
| 100 | _aChallender Jason | ||
| 245 | _aorganisational Ethicsim the Bult Environment | ||
| 260 |
_aWest sussex _bJohn Wiley and Sons _c2023 |
||
| 300 | _aXvii, 201p. | ||
| 650 | _aEnviromental responsibility | ||
| 942 | _cBK | ||
| 999 |
_c4224 _d4224 |
||